<?xml version="1.0" encoding="UTF-8"?>
<marc:record xmlns:marc="http://www.loc.gov/MARC21/slim">
   <marc:leader>00000nam a2200000 a 4500</marc:leader>
   <marc:datafield ind1="1" ind2=" " tag="100">
      <marc:subfield code="a">Thiemeyer, Thomas</marc:subfield>
      <marc:subfield code="4">aut</marc:subfield>
      <marc:subfield code="e">Verfasser/-in</marc:subfield>
   </marc:datafield>
   <marc:datafield ind1="0" ind2="0" tag="245">
      <marc:subfield code="a">Korona</marc:subfield>
   </marc:datafield>
   <marc:datafield ind1="0" ind2="0" tag="245">
      <marc:subfield code="b">Mysterythriller</marc:subfield>
   </marc:datafield>
   <marc:datafield ind1="0" ind2="0" tag="245">
      <marc:subfield code="c">Thomas Thiemeyer</marc:subfield>
   </marc:datafield>
   <marc:datafield ind1=" " ind2="1" tag="264">
      <marc:subfield code="a">München</marc:subfield>
      <marc:subfield code="b">Knaur</marc:subfield>
      <marc:subfield code="c">2010</marc:subfield>
   </marc:datafield>
   <marc:datafield ind1="1" ind2=" " tag="520">
      <marc:subfield code="a">Angaben aus der Verlagsmeldung

Korona : Mysterythriller / von Thomas Thiemeyer

Im legendenumwitterten Hochgebirge Ugandas, wo Gletscher unter der Äquatorsonne leuchten, beginnt für die Gorillaforscherin Imelda Walker ein Abenteuer, das ihre kühnsten Träume übersteigt. Bei einer Expedition stößt ihre Forschergruppe auf die Ruinen einer versunkenen Hochkultur. Die Sensation wäre perfekt, gäbe es da nicht Phänomene, die die nüchterne Biologin an ihrem Verstand zweifeln lassen: Die Naturgesetze scheinen außer Kraft, die Sonne spielt verrückt. Und bald kann sich Imelda der Wahrheit nicht mehr verschließen: Ihr Team hat das Portal zu einer fremden Dimension durchschritten, und für die Rückkehr ist es längst zu spät …
</marc:subfield>
   </marc:datafield>
   <marc:datafield ind1=" " ind2=" " tag="020">
      <marc:subfield code="a">9783426662915</marc:subfield>
      <marc:subfield code="9">9783426662915</marc:subfield>
   </marc:datafield>
   <marc:datafield ind1=" " ind2=" " tag="020">
      <marc:subfield code="a">3426662914</marc:subfield>
      <marc:subfield code="9">3426662914</marc:subfield>
   </marc:datafield>
   <marc:datafield ind1=" " ind2=" " tag="300">
      <marc:subfield code="a">510 S.</marc:subfield>
   </marc:datafield>
</marc:record>
